zpět

Detail výsledku týmu

Hells Bells Beer Pub, Praha

Datum a čas kvízu

32.5 Celkem bodů Celkový počet nahraných bodů na tomto kvízu bez doplňovacích otázek.
10. Pořadí na kvízu Konečné umístění týmu na tomto kvízu.

Zaznamenané odpovědi

# Otázka Odpověď Body Výsledky
1. V sobotu začala v celé České r... Suchej únor 1
2. Velká Británie minulý týden de... po 47 letech (42–52) 0
3. Plzeňská kapela Mandrage v sob... Vít Starý 0
4. Česká pošta v lednu představil... dvourychlostní doručování 0
5. Reprezentační útočník Michael... Bruggy 1
6. Co všechno může být ztracené?... Jantarová komnata 1
7. Vzpomenete si na seriál Ztrace... B 1
8. "Ne každé zlato třpytívá se, n... Bilbo Pytlík 0
9. Jak se jmenuje rozsáhlá epická... Ztracený ráj (Paradise Lost) 1
10. Dodnes nebyla uspokojivě vysvě... na území Ruska 1